• 首页
  • 本馆介绍
  • 公告通知
  • 最新文献
  • 馆藏检索
  • 电子资源
  • 读者导购
  • 参考咨询
  • 我的图书馆
  • 登录
  • 详细信息显示
  • 放入我的书架
  • 预约/预借图书
  • 作者相关作品
  • 分类相关作品
  • 丛书相关作品
  • 出版社相关作品

书目信息

  • 表格格式
  • 工作单格式
  • 卡片格式
题名:
英国古典小说五十讲
    
 
作者: 班杨 , 笛福 , 纳什 著 ;王国富 , 谬华伦 译
分册:  
出版信息: 成都   四川文艺出版社  1987
页数: 501页
开本: 20cm
丛书名: 外国文学指导丛书
单 册:
中图分类: I561.074
科图分类:
主题词: 小说--英国--文学评论 , 小说--英国--文学研究
电子资源:
ISBN: 7-5411-0008-0
000 00875nam2 2200301 45
001 0187005284
005 20050414085256.6
010    @a7-5411-0008-0@dCNY3.23
100    @a19900903d1987 em y0chiy0121 ea
101 1  @achi@ceng
102    @aCN@b510000
105    @ay zr 000ay
200 10 @a英国古典小说五十讲@AYing Guo Gu Dian Xiao Shuo Wu Shi Jiang@f(英)纳什等著@F(Ying)Na Shen Deng Zhu@g王国富, 谬华伦译
210    @a成都@c四川文艺出版社@d1987
215    @a501页@d20cm
225 2  @a外国文学指导丛书
410  0 @120010@a外国文学指导丛书
606 0  @a小说@y英国@x文学评论
606 0  @a小说@y英国@x文学研究
690    @aI561.074@v3
701  1 @a班杨@4著
701  1 @a笛福@4著
701  0 @a纳什@4著
702  0 @a王国富@4译
702  0 @a谬华伦@4译
801  0 @aCN@b深圳图书馆@c20040412
801  2 @aCN@bNLC@c20040412
905    @dI561.074@e206@b207853@f1
    
    英国古典小说五十讲/(英)纳什等著/王国富, 谬华伦译.-成都:四川文艺出版社,1987
    501页;20cm.-(外国文学指导丛书)
    
    
    ISBN 7-5411-0008-0:CNY3.23
    
●
相关链接 在E读中查询图书 在五车中查询图书 在当当中查询图书 在豆瓣中查询图书


正题名:英国古典小说五十讲     索取号:I561.074/206         预约/预借

序号 登录号 条形码 馆藏地/架位号 状态 备注
1 0207853   001990073   第二借阅区/ [索取号:I561.074/206] 在馆    
2 0207854   000684183   第二借阅区/ [索取号:I561.074/206] 在馆    
3 0207855   000684245   第二借阅区/ [索取号:I561.074/206] 在馆    
4 0207856   000684192   第二借阅区/ [索取号:I561.074/206] 在馆    
5 0207857   202116691   第一样本阅览室/ [索取号:I561.074/206] 在馆    
唐山师范学院图书馆 欢迎您!
大连网信软件有限公司© 版权所有